Detalles MARC
| 000 -ENCABEZADO |
| Número de control [NR] |
01560nam a22002777a 4500 |
| 005 - FECHA Y HORA DE LA ÚLTIMA TRANSACCIÓN |
| control field |
20170608110958.0 |
| 008 - DE LONGITUD FIJA DE DATOS DE ELEMENTOS - INFORMACIÓN GENERAL |
| Elementos de longitud fija [NR] |
130802s1940 xxu g 000 0 eng |
| 040 ## - FUENTE DE CATALOGACION [NR] |
| Agencia de catalogación original [NR] |
CO-BoUCM |
| Quien Cataloga |
|
| Quien Clasifica |
Aldemar Mondragón |
| Idioma de catalogación [NR] |
spa |
| 092 ## - SIGNATURA TOPOGRAFICA LOCAL |
| Número de clasificación local |
DVD 1263 |
| 041 ## - CODIGO DE IDIOMA [R] |
| Código de idioma para texto/pista de sonido o título separado [R] |
Inglés |
| 245 04 - MENCION DE TITULO [NR] |
| Título [NR] |
The Great Dictator |
| Mención de responsabilidad, etc. [NR] |
Charles Chaplin, director |
| 260 ## - PUBLICACION, DISTRIBUCION, ETC. (PIE DE IMPRENTA) [R] |
| Lugar de publicación, distribución, etc. [R] |
[Washington] |
| Nombre del editor, distribuidor, etc. [R] |
United Artists |
| Fecha de publicación, distribución, etc. [R] |
1940 |
| 300 ## - DESCRIPCION FISICA [R] |
| Extensión [R] |
1 disco (120 min.) |
| Otros detalles físicos [NR] |
sonido, color |
| 490 ## - MENCION DE SERIE [R] |
| Mención de serie [R] |
Lagometrajes |
| Designación numérica/secuencial del volumen [NR] |
17 |
| 500 ## - NOTA GENERAL [R] |
| Nota general [NR] |
SIPNOSIS: Un humilde barbero judío tiene un parecido asombroso con el dictador de Tomania, un tirano que culpa a los judíos de la crítica situación que atraviesa el país. Un día, sus propios guardias lo confunden con el barbero y lo llevan a un campo de concentración. Al mismo tiempo, al pobre barbero lo confunden con el tirano |
| 508 ## - NOTA DE CREDITOS DE CREACION/PRODUCCION [R] |
| Nota de créditos de creación/producción [NR] |
CREDITOS: Director Charles Chaplin ; Guión Charles Chaplin ; Música Charles Chaplin & Meredith Willson ; Fotografía Rollie Totheroh & Karl Struss (B&W) |
| 511 ## - NOTA DE PARTICIPANTE O INTERPRETE [R] |
| Nota de participante o intérprete [NR] |
REPARTO: Charles Chaplin, Paulette Goddard, Jack Oakie, Reginald Gardiner, Henry Daniell, Carter De Haven, Grace Hayle, Maurice Moscovitch, Billy Gilbert |
| 650 #7 - ASIENTO SECUNDARIO DE MATERIA - TERMINO TEMATICO [R] |
| Término temático o nombre geográfico como elemento de entrada [NR] |
Cine mudo |
| Subdivisión de forma [R] |
Dvd |
| 9 (RLIN) |
42070 |
| 650 #7 - ASIENTO SECUNDARIO DE MATERIA - TERMINO TEMATICO [R] |
| Término temático o nombre geográfico como elemento de entrada [NR] |
Holocausto judío |
| Subdivisión de forma [R] |
Dvd |
| 9 (RLIN) |
42069 |
| 650 #7 - ASIENTO SECUNDARIO DE MATERIA - TERMINO TEMATICO [R] |
| Término temático o nombre geográfico como elemento de entrada [NR] |
Nazismo |
| Subdivisión de forma [R] |
Dvd |
| 9 (RLIN) |
42068 |
| 690 ## - ASUNTO AGREGADO LOCAL DE ENTRADA - TÉRMINO TEMÁTICO (OCLC, RLIN) |
| Acceso temático local |
Entretenimiento |
| 700 1# - ASIENTO SECUNDARIO - NOMBRE PERSONAL [R] |
| Nombre personal [NR] |
Chaplin, Charles |
| Término de relación [R] |
director |
| 9 (RLIN) |
1347 |
| 856 ## - LOCALIZACION Y ACCESO ELECTRONICOS [R] |
| Nota dirigida al público [R] |
Ver el trailer |
| Identificador Uniforme del Recurso (“URI”) [R] |
<a href="https://www.youtube.com/watch?v=LBpX0pkWKDY">https://www.youtube.com/watch?v=LBpX0pkWKDY</a> |
| 856 04 - LOCALIZACION Y ACCESO ELECTRONICOS [R] |
| Identificador Uniforme del Recurso (“URI”) [R] |
<a href="https://www.youtube.com/watch?v=LBpX0pkWKDY">https://www.youtube.com/watch?v=LBpX0pkWKDY</a> |
| Nota dirigida al público [R] |
Siga este vínculo para ver el trailer. |
| 942 ## - ELEMENTOS DE ENTRADA AGREGADOS (KOHA) |
| Koha item type |
Multimedia |
| Source of classification or shelving scheme |
LOCAL |
| Tema principal |
Entretenimiento |
| Edition |
1 |